The anatomy coloring book

Gespeichert in:
Bibliographische Detailangaben
Hauptverfasser: Kapit, Wynn (VerfasserIn), Elson, Lawrence M (VerfasserIn)
Format: Buch
Sprache:Englisch
Veröffentlicht: Nueva York Addison-Wesley 1993
Ausgabe:2a. ed
Schlagworte:
Tags: Tag hinzufügen
Keine Tags, Fügen Sie den ersten Tag hinzu!

MARC

LEADER 00000nam a2200000 a 4500
001 UCQ2695
003 CL-VaPUC
008 980724e19930000US |||||||||||||||||eng|d
082 0 4 |a 611  |b KAP  |2 21 
100 |a Kapit, Wynn  |e author  |9 416730 
700 0 |a Elson, Lawrence M  |e author  |9 416731 
245 1 4 |a The anatomy coloring book 
250 |a 2a. ed 
300 |a 161 p 
942 |c BK 
945 |d 19980724 00:00:00  |a mvenant 
260 |a Nueva York  |b Addison-Wesley  |c 1993 
650 0 |a Anatomía  |9 261202 
650 7 |a SISTEMA MUSCULAR  |2 CL-VaPUC  |9 269682 
650 7 |a SISTEMA CARDIOVASCULAR  |2 CL-VaPUC  |9 329868 
650 0 |a Sistema respiratorio  |9 329869 
650 7 |a SISTEMA DIGESTIVO  |2 CL-VaPUC  |9 329870 
650 7 |a SISTEMA URINARIO  |2 CL-VaPUC  |9 372744 
583 |a last modification  |c 19980724 00:00:00  |k Rodrigo Vera 
999 |c 273467  |d 273465 
952 |0 0  |1 0  |4 0  |6 611_000000000000000_KAP_1993  |7 0  |8 A  |9 309040  |a BIBCUR  |b BIBCUR  |d 2019-11-20  |i 3447642  |l 2  |o 611 KAP 1993  |p 3447642  |r 2025-04-22  |s 2024-09-11  |w 2019-11-20  |y BK  |k BCB 
952 |0 0  |1 0  |4 0  |6 611_000000000000000_KAP_1993  |7 0  |8 A  |9 309041  |a BIBCUR  |b BIBCUR  |d 2019-11-20  |i 3447650  |l 7  |o 611 KAP 1993  |p 3447650  |r 2025-05-08  |s 2025-05-08  |w 2019-11-20  |y BK  |k BCB